000
00332nam a2200145Ia 4500
008
150201s2010 xx 000 0 und d
082
_a
615
_b
P10G
100
_a
GROVER,JK
245
_a
TB OF PHARMACOLOGY FOR NURSE
250
_a
1ST
260
_b
CBS
_a
DELHI
_c
2010
300
_a
1-516
650
_a
PHARMACOLOGY
942
_2
ddc
_c
BK
_0
2
999
_c
383
_d
383